| 000 | 00547nam a2200169 i 4500 | ||
|---|---|---|---|
| 001 | 26952 | ||
| 003 | ES-MaACL | ||
| 005 | 20230906153530.0 | ||
| 007 | t| | ||
| 008 | 030113s1964 sp ||||1| spa d | ||
| 100 | 1 |
_aAsensio Teijido, Jaime. _923589 |
|
| 245 | 1 | 0 |
_aTravesía del Domingo y otras narraciones / _cJaime Asensio Teijido ; portada e ilustraciones de Carmen Formoso. |
| 260 |
_aMadrid : _bTirso de Molina, _c1964. |
||
| 300 |
_a237 p., 20 lám. ; _c21 cm. |
||
| 700 | 1 |
_aFormoso, Carmen. _951760 |
|
| 852 |
_aES-MaACL _jC-25975 _bR.54639 |
||
| 999 |
_c26952 _d26952 |
||